000 00756nam a22002890a 4500
001 PT52361
003 AR-LpoUNG
005 20210131231513.0
008 191001s2004||||ag |||||||||||||||||spa d
020 _a9505119941
_c$5.90
040 _aAR-LpoUNG
_bspa
_cAR-LpoUNG
_eaacr
041 _aspa
044 _aag
082 0 _aA863 939cha
100 1 _aSuárez del Prado, Marcelo
245 1 0 _aChaquetein 1880 o el Frankenstein criollo
250 _a1§ ed.
260 _aBuenos Aires :
_bAlfaguara,
_cnoviembre 2004.
300 _a232 p. :
_bil.
650 4 _aARGENTINA
650 4 _aLITERATURA
650 4 _aNOVELAS
651 4 _aDOCUMENTOS TEORICOS O METODOLOGICOS
653 _aLITERATURA ARGENTINA
905 _a52361
942 _cLSALA
999 _c10409
_d10409